[Event "Fagernes GM Open 2014"]
[Site "Fagernes NOR"]
[Date "2014.04.13"]
[Round "1.1"]
[White "Getz, Nicolai"]
[Black "Hammer, Jon Ludvig"]
[Result "1-0"]
[WhiteTitle "IM"]
[BlackTitle "GM"]
[WhiteElo "2388"]
[BlackElo "2647"]
[WhiteFideId "1505572"]
[BlackFideId "1503707"]
[EventDate "2014.04.13"]

1. e4 c6 2. c4 d5 3. exd5 cxd5 4. cxd5 Nf6 5. Qa4+ Nbd7 6. Nc3 g6 7. Nf3 Bg7 8.
Bc4 O-O 9. d3 a6 10. Qa3 b6 11. O-O Bb7 12. Re1 Re8 13. d6 e6 14. Ne4 b5 15. Bb3
a5 16. Bg5 h6 17. Bxf6 Nxf6 18. Rac1 Nxe4 19. dxe4 b4 20. Qa4 Qxd6 21. Qb5 Qe7
22. Rc2 Reb8 23. Qe2 a4 24. Bc4 Rd8 25. Qe3 Rac8 26. h4 Rc5 27. Rec1 g5 28. hxg5
hxg5 29. g4 Kf8 30. Be2 Rxc2 31. Rxc2 b3 32. axb3 axb3 33. Rc1 Bxb2 34. Rb1 Ba3
35. Rxb3 Bd6 36. e5 Bc5 37. Rxb7 Bxe3 38. Rxe7 Bxf2+ 39. Kxf2 Kxe7 40. Nxg5 Rd5
41. Nf3 f6 42. exf6+ Kxf6 43. Ke3 Ra5 44. Bd3 e5 45. g5+ Ke6 46. Nd2 Ra3 47. Ke4
Rc3 48. Bc4+ Ke7 49. Bd5 Rg3 50. Nf3 Kf8 51. Kxe5 Kg7 52. Kf5 Rg2 53. Be4 Ra2
54. Nh4 Ra4 55. Kf4 Rb4 56. Nf5+ Kf7 57. Ng3 Ke6 58. Nh5 Rb5 59. Nf6 Rb4 60. Kg4
Ke5 61. Kh5 Rb5 62. Kh6 Ra5 63. Bh7 Ra6 64. Kg6 Kf4 65. Bg8 Rc6 66. Kh5 Kf5 67.
Nd5 Rc1 68. Ne7+ Kf4 69. Nd5+ Kf5 70. Bh7+ Ke5 71. Ne7 Rh1+ 72. Kg6 Kf4 73. Nd5+
Ke5 74. Bg8 Rg1 75. Bf7 Rg3 76. Kh6 Rh3+ 77. Kg7 Kf5 78. Be6+ Kxg5 79. Bxh3 Kh4
80. Bf5 Kg3 81. Kf6 Kf3 82. Bd3 Kf2 83. Ke5 Ke1 84. Nf4 Kd2 85. Kd4 Kc1 86. Kc3
Kd1 87. Ng2 Kc1 88. Be2 Kb1 89. Nf4 Kc1 90. Nd3+ Kb1 91. Bd1 Ka1 92. Nc5 Kb1 93.
Nb3 Ka2 94. Bc2 Ka3 95. Bb1 Ka4 96. Nd4 Ka5 97. Kc4 Kb6 98. Nb5 Kc6 99. Bf5 Kb6
100. Bd7 Ka5 101. Nc3 Kb6 102. Nd5+ Ka5 103. Kc5 Ka6 104. Bf5 Ka5 105. Nb6 Ka6
106. Bc8+ Ka5 107. Bd7 Ka6 108. Nd5 Ka5 109. Be8 Ka6 110. Bb5+ Ka5 111. Bc6 Ka6
112. Ne3 Ka5 113. Nc4+ Ka6 114. Kd6 Ka7 115. Kc7 Ka6 116. Bd7 Ka7 117. Bb5 Ka8
118. Nb6+ Ka7 119. Nc8+ Ka8 120. Bc6# 1-0

[Event "Fagernes GM Open 2014"]
[Site "Fagernes NOR"]
[Date "2014.04.13"]
[Round "1.2"]
[White "Romanov, Evgeny"]
[Black "Tari, Aryan"]
[Result "1-0"]
[WhiteTitle "GM"]
[BlackTitle "IM"]
[WhiteElo "2642"]
[BlackElo "2387"]
[WhiteFideId "4148843"]
[BlackFideId "1510045"]
[EventDate "2014.04.13"]

1. Nf3 Nf6 2. d4 g6 3. c3 Bg7 4. Bg5 O-O 5. Nbd2 d6 6. e4 c5 7. dxc5 dxc5 8. Be2
Qc7 9. O-O Nc6 10. Re1 h6 11. Bh4 Nh5 12. Nc4 Qf4 13. e5 Be6 14. g3 Qe4 15. Nfd2
Qd5 16. Bxh5 gxh5 17. a4 Rfd8 18. Qxh5 Qd3 19. Re3 Qc2 20. Re2 Qd3 21. Re3 Qc2
22. Re2 Qd3 23. Ne3 Qg6 24. Qxg6 fxg6 25. f4 g5 26. fxg5 Nxe5 27. gxh6 Bxh6 28.
Nef1 Rd5 29. c4 Bg4 30. Re4 Nf3+ 31. Nxf3 Bxf3 32. Rxe7 Rd4 33. Rae1 Rxc4 34.
Ne3 Bxe3+ 35. R7xe3 Rf8 36. Rc3 Rxc3 37. bxc3 Bc6 38. Re5 c4 39. Rg5+ Kh7 40.
Rc5 Re8 41. Kf2 Rf8+ 42. Ke2 Re8+ 43. Kd2 Bf3 44. Rc7+ Kg6 45. Be7 Bc6 46. a5 a6
47. g4 Bf3 48. h3 Kf7 49. Bc5+ Kg6 50. h4 Re2+ 51. Kc1 Bxg4 52. Rxb7 Kf5 53. Rb4
Re4 54. Bd4 Be2 55. Rb6 Re6 56. Kb2 Bf3 57. Ka3 Rc6 58. Kb4 Ke6 59. h5 Kd5 60.
h6 Be4 61. Be3 Bd3 62. Bf4 Re6 63. Rxe6 Kxe6 64. Kc5 Kd7 65. Kb6 Be4 66. Be3 Bd3
67. Kxa6 Kc6 68. Ka7 Kb5 69. Bb6 Be4 70. Kb8 Bf5 71. Kc7 Be4 72. Kd6 Ka4 73. Ke7 1-0

[Event "Fagernes GM Open 2014"]
[Site "Fagernes NOR"]
[Date "2014.04.13"]
[Round "1.3"]
[White "Salomon, Johan"]
[Black "Gajewski, Grzegorz"]
[Result "0-1"]
[BlackTitle "GM"]
[WhiteElo "2343"]
[BlackElo "2631"]
[WhiteFideId "1509500"]
[BlackFideId "1116207"]
[EventDate "2014.04.13"]

1. e4 c5 2. Nf3 e6 3. d4 cxd4 4. Nxd4 a6 5. Nc3 Qc7 6. g3 Bb4 7. Bd2 Nf6 8. Bg2
Nc6 9. Nxc6 bxc6 10. O-O a5 11. f4 d5 12. e5 Nd7 13. Kh1 Ba6 14. Re1 O-O 15. Qf3
Rae8 16. a3 Bc5 17. g4 f6 18. exf6 Nxf6 19. g5 Nd7 20. Qh3 Bc8 21. f5 exf5 22.
b4 Bd4 23. b5 Ne5 24. Bf4 Ng4 25. Rf1 Qf7 26. bxc6 Ne3 27. Nb5 Bxa1 28. Nd6 Qe6
29. Rxa1 Nxg2 30. Qxg2 Rd8 31. Qg3 Rxd6 32. Re1 Rxc6 33. Rxe6 Rxe6 34. Qc3 Re4
35. Be5 Re8 36. Bd4 f4 37. Qc6 Bh3 38. Qxd5+ Kh8 39. Bg1 f3 40. Qd6 Bg2# 0-1

[Event "Fagernes GM Open 2014"]
[Site "Fagernes NOR"]
[Date "2014.04.13"]
[Round "1.4"]
[White "Postny, Evgeny"]
[Black "Hauge, Lars Oskar"]
[Result "1-0"]
[WhiteTitle "GM"]
[BlackTitle "FM"]
[WhiteElo "2630"]
[BlackElo "2330"]
[WhiteFideId "2804344"]
[BlackFideId "1509276"]
[EventDate "2014.04.13"]

1. d4 Nf6 2. c4 e6 3. Nf3 b6 4. g3 Ba6 5. Qc2 Bb7 6. Bg2 c5 7. d5 exd5 8. cxd5
Bxd5 9. Nc3 Bc6 10. e4 Be7 11. Bf4 O-O 12. O-O-O Na6 13. Ne5 Bb7 14. Qa4 d6 15.
Nc6 Bxc6 16. Qxc6 Nb4 17. Qa4 Rb8 18. e5 Nh5 19. Be3 b5 20. Qxa7 c4 21. Nd5 Nxd5
22. Rxd5 Ra8 23. Qb6 Qxb6 24. Bxb6 Rxa2 25. exd6 Bf6 26. Rxh5 Rxb2 27. Rf5 c3
28. Rxf6 gxf6 29. d7 b4 30. d8=Q Rxd8 31. Bxd8 b3 32. Be4 Rxf2 33. g4 Re2 34.
Bf5 Kg7 35. Ba5 Re3 36. Kb1 h5 37. h3 Kh6 38. Rc1 c2+ 39. Kb2 1-0

[Event "Fagernes GM Open 2014"]
[Site "Fagernes NOR"]
[Date "2014.04.13"]
[Round "1.5"]
[White "Holm, Kristian Stuvik"]
[Black "Rozentalis, Eduardas"]
[Result "0-1"]
[WhiteTitle "FM"]
[BlackTitle "GM"]
[WhiteElo "2321"]
[BlackElo "2624"]
[WhiteFideId "1508083"]
[BlackFideId "12800023"]
[EventDate "2014.04.13"]

1. d4 Nf6 2. c4 e6 3. Nc3 Bb4 4. Qc2 O-O 5. a3 Bxc3+ 6. Qxc3 b6 7. Nf3 Ne4 8.
Qc2 Bb7 9. g3 d5 10. Bg2 Nd7 11. O-O c5 12. b4 Rc8 13. bxc5 bxc5 14. cxd5 Bxd5
15. dxc5 Ndxc5 16. Rb1 Nb3 17. Qd3 Rc3 18. Qa6 Bc4 19. Qb7 Bxe2 20. Qxe4 Bxf1
21. Bb2 Bd3 22. Qe5 Bxb1 23. Qxc3 Qd1+ 24. Ne1 Nd4 25. Qxd4 Qxe1+ 0-1

[Event "Fagernes GM Open 2014"]
[Site "Fagernes NOR"]
[Date "2014.04.13"]
[Round "1.6"]
[White "Shankland, Samuel L"]
[Black "Kvisvik, Brede"]
[Result "1-0"]
[WhiteTitle "GM"]
[BlackTitle "FM"]
[WhiteElo "2616"]
[BlackElo "2300"]
[WhiteFideId "2004887"]
[BlackFideId "1502999"]
[EventDate "2014.04.13"]

1. d4 d5 2. c4 dxc4 3. e4 Nf6 4. e5 Nd5 5. Bxc4 Nb6 6. Bd3 Nc6 7. Ne2 Bg4 8. f3
Be6 9. Nbc3 Qd7 10. Ne4 Nb4 11. Nc5 Nxd3+ 12. Qxd3 Bc4 13. Qe4 Qc6 14. Qxc6+
bxc6 15. b3 Bxe2 16. Kxe2 e6 17. Ne4 Nd7 18. Bb2 Rd8 19. Rac1 Nb8 20. Rc4 Be7
21. Rhc1 Rd5 22. Ra4 a6 23. Rcc4 f5 24. Nc3 Kd7 25. Nxd5 cxd5 26. Rc1 Rc8 27.
Ba3 Bxa3 28. Rxa3 c6 29. b4 Rc7 30. Rac3 Rb7 31. a3 Kc7 32. f4 Kb6 33. h3 Rf7
34. Ke3 Kb7 35. g4 g6 36. Rc5 Rc7 37. gxf5 exf5 38. h4 Nd7 39. R5c2 Nf8 40. a4
Ne6 41. b5 axb5 42. axb5 cxb5 43. Rxc7+ Nxc7 44. h5 Kb6 45. hxg6 hxg6 46. Rg1 b4
47. Rxg6+ Ka5 48. Rc6 Nb5 49. Rc5 b3 50. Kd3 Kb4 51. Rxb5+ Kxb5 1-0

[Event "Fagernes GM Open 2014"]
[Site "Fagernes NOR"]
[Date "2014.04.13"]
[Round "1.7"]
[White "Flermoen, Peter"]
[Black "Turov, Maxim"]
[Result "0-1"]
[WhiteTitle "CM"]
[BlackTitle "GM"]
[WhiteElo "2232"]
[BlackElo "2593"]
[WhiteFideId "1507303"]
[BlackFideId "4120086"]
[EventDate "2014.04.13"]

1. e4 c5 2. Nf3 a6 3. d4 cxd4 4. Nxd4 Nf6 5. Nc3 e5 6. Nf3 Bb4 7. Bd2 d6 8. Bd3
Nbd7 9. Qe2 Nc5 10. h3 Bxc3 11. Bxc3 Na4 12. Qd2 Qc7 13. Rb1 Nxc3 14. Qxc3 Qxc3+
15. bxc3 b5 16. Nd2 Ke7 17. c4 Bd7 18. O-O Rhb8 19. Rb3 b4 20. Rfb1 a5 21. a3
Ba4 22. R3b2 bxa3 23. Ra2 Bc6 24. f3 Nd7 25. Rxa3 a4 26. Kf1 Nc5 27. Ke2 h5 28.
h4 g6 29. Kd1 Ke6 30. g3 f5 31. Rxb8 Rxb8 32. Ra2 Rf8 33. Ke2 f4 34. Kf2 Kf6 35.
Rb2 g5 36. Nf1 g4 37. Nd2 Ke6 38. Be2 Rg8 39. Rb6 Kd7 40. Rb1 gxf3 41. Bxf3 Rxg3
42. Rh1 Kc7 43. c3 Bd7 44. Bxh5 Nd3+ 45. Ke2 Re3+ 46. Kf1 a3 0-1

[Event "Fagernes GM Open 2014"]
[Site "Fagernes NOR"]
[Date "2014.04.13"]
[Round "1.8"]
[White "Bok, Benjamin"]
[Black "Andersen, Alf R."]
[Result "1-0"]
[WhiteTitle "IM"]
[WhiteElo "2590"]
[BlackElo "2230"]
[WhiteFideId "1017063"]
[BlackFideId "1503120"]
[EventDate "2014.04.13"]

1. e4 d6 2. d4 Nf6 3. Nc3 g6 4. g3 Bg7 5. Bg2 O-O 6. Nge2 e5 7. h3 c6 8. a4 a5
9. O-O Qc7 10. Be3 Be6 11. f4 Bc4 12. dxe5 dxe5 13. f5 Nbd7 14. g4 h6 15. Bf3 g5
16. Kg2 Rfd8 17. Qc1 Ne8 18. Rh1 f6 19. Ng3 Bf7 20. h4 Nd6 21. b3 b5 22. hxg5
hxg5 23. Nh5 Bxh5 24. Rxh5 b4 25. Ne2 c5 26. c4 Nf7 27. Ng3 Ra6 28. Nf1 Rd6 29.
Qb1 Nb6 30. Ra2 Rd3 31. Bf2 Rc3 32. Be2 Rd4 33. Be1 Nd6 34. Bxc3 bxc3 35. Bf3
Qb7 36. Qe1 Nbxc4 37. bxc4 Qb3 38. Ra1 Qb2+ 39. Kg3 c2 40. Rc1 Nxc4 41. Rh2 Na3
42. Ne3 Rxa4 43. Nxc2 Qb3 44. Qd1 1-0

[Event "Fagernes GM Open 2014"]
[Site "Fagernes NOR"]
[Date "2014.04.13"]
[Round "1.9"]
[White "Dolzhikova, Olga"]
[Black "Kveinys, Aloyzas"]
[Result "0-1"]
[WhiteTitle "WGM"]
[BlackTitle "GM"]
[WhiteElo "2209"]
[BlackElo "2543"]
[WhiteFideId "14105870"]
[BlackFideId "12800040"]
[EventDate "2014.04.13"]

1. e4 c5 2. c3 Nf6 3. e5 Nd5 4. g3 d6 5. exd6 e6 6. Bg2 Bxd6 7. Nf3 O-O 8. O-O
Nc6 9. d4 cxd4 10. Nxd4 Nxd4 11. Qxd4 Qc7 12. Nd2 Rd8 13. Nf3 Be7 14. Qe4 Bd7
15. Ng5 g6 16. c4 Nb6 17. Qxb7 Qxb7 18. Bxb7 Rab8 19. Ba6 Na4 20. b3 Rb6 21. Bb5
Bxb5 22. cxb5 Nc3 23. Be3 Rxb5 24. Nf3 Bf6 25. Kg2 a5 26. Nd2 Rd3 27. a4 Rb8 28.
Rac1 Nd5 29. Bh6 Bc3 30. Ne4 Bd4 31. Nc5 Rc3 32. Rxc3 Bxc3 33. Rb1 Bd4 34. Ne4
f5 35. Nd2 Nc3 36. Re1 Kf7 37. Bf4 Rb7 38. Be5 Bxe5 39. Rxe5 Nd5 40. Re1 Rc7 41.
Nc4 Ra7 42. Nd6+ Kf6 43. Rc1 Ra6 44. Nb5 g5 45. Rc5 h5 46. Nd4 Nb4 47. Nf3 Nd3
48. Rb5 Rc6 49. Nd4 Rd6 50. Nc2 Ne5 51. Ne3 Rd3 52. Nc4 Nxc4 53. bxc4 Rd4 54.
Rc5 h4 55. gxh4 Rxh4 56. f3 Rd4 57. Kg3 g4 58. fxg4 Rxg4+ 59. Kf3 Rd4 60. Rxa5
Rxc4 61. Ra8 Rc3+ 62. Kg2 Ke5 63. h4 Kf4 64. h5 Rg3+ 65. Kf2 Rh3 66. Rh8 e5 67.
a5 Ra3 68. h6 Ra2+ 69. Kg1 Rxa5 70. h7 Ra7 71. Kg2 e4 72. Kf2 Rb7 73. Ke2 Rb2+
74. Kf1 Rh2 75. Kg1 Rh6 76. Kf2 Rh5 77. Kg2 e3 78. Kg1 Kf3 79. Rf8 e2 0-1

[Event "Fagernes GM Open 2014"]
[Site "Fagernes NOR"]
[Date "2014.04.13"]
[Round "1.10"]
[White "Johannessen, Leif Erlend"]
[Black "Christiansen, Johan-Sebastian"]
[Result "1/2-1/2"]
[WhiteTitle "GM"]
[WhiteElo "2530"]
[BlackElo "2207"]
[WhiteFideId "1501674"]
[BlackFideId "1512668"]
[EventDate "2014.04.13"]

1. d4 d5 2. c4 dxc4 3. e4 e5 4. Nf3 Bb4+ 5. Nbd2 c3 6. bxc3 Bxc3 7. Rb1 exd4 8.
Bc4 Qe7 9. O-O Nd7 10. e5 Nb6 11. Ne4 Nxc4 12. Nxc3 dxc3 13. Qa4+ Qd7 14. Qxc4
Qc6 15. Qxc6+ bxc6 16. Rb3 Ne7 17. Rxc3 Be6 18. Rc2 Bd5 19. Nd4 Rd8 20. Be3 O-O
21. Rfc1 Rb8 22. f3 Rb7 23. Bg5 Re8 24. Bxe7 Rxe7 25. Nxc6 Bxc6 26. Rxc6 g6 27.
f4 Rd7 28. R1c2 Rb6 29. Rxc7 Rxc7 30. Rxc7 Rb1+ 31. Kf2 Rb2+ 32. Kf3 Rxa2 33. g4
Ra3+ 34. Kg2 Ra2+ 35. Kg3 Ra3+ 36. Kh4 Ra4 37. Kg5 Kg7 38. e6 h6+ 39. Kh4 Rxf4
40. Rxa7 Rf6 41. exf7 1/2-1/2

[Event "Fagernes GM Open 2014"]
[Site "Fagernes NOR"]
[Date "2014.04.13"]
[Round "1.11"]
[White "Haria, Ravi"]
[Black "Urkedal, Frode"]
[Result "1-0"]
[BlackTitle "IM"]
[WhiteElo "2207"]
[BlackElo "2494"]
[WhiteFideId "415820"]
[BlackFideId "1506102"]
[EventDate "2014.04.13"]

1. e4 e5 2. Nf3 Nc6 3. Bb5 a6 4. Ba4 Nf6 5. O-O Be7 6. Re1 b5 7. Bb3 d6 8. c3
O-O 9. h3 Bb7 10. d4 Nd7 11. Nbd2 exd4 12. cxd4 Bf6 13. Nf1 Na5 14. Bc2 Re8 15.
Ng3 g6 16. Bh6 c5 17. e5 dxe5 18. dxc5 Nc4 19. Ne4 Be7 20. b4 a5 21. a3 axb4 22.
axb4 Rxa1 23. Qxa1 f5 24. Ned2 Nxd2 25. Bxd2 Bxf3 26. Bb3+ Kg7 27. gxf3 Bf6 28.
Qc1 e4 29. f4 Nb8 30. Bc3 Nc6 31. Rd1 Nd4 32. Qb2 e3 33. Bxd4 Qxd4 34. Rxd4 e2
35. Rd7+ Kh6 36. Qxf6 e1=Q+ 37. Kg2 Qe4+ 38. Kg3 1-0

[Event "Fagernes GM Open 2014"]
[Site "Fagernes NOR"]
[Date "2014.04.13"]
[Round "1.12"]
[White "Boruchovsky, Avital"]
[Black "Guttulsrud, Odd Martin"]
[Result "1-0"]
[WhiteTitle "IM"]
[BlackTitle "CM"]
[WhiteElo "2492"]
[BlackElo "2206"]
[WhiteFideId "2800055"]
[BlackFideId "1507249"]
[EventDate "2014.04.13"]

1. Nf3 Nf6 2. c4 g6 3. Nc3 Bg7 4. e4 d6 5. d4 O-O 6. h3 c5 7. Be3 cxd4 8. Nxd4
Nc6 9. Be2 Nxd4 10. Bxd4 Be6 11. O-O Qa5 12. f4 Rfc8 13. b3 Bd7 14. e5 Ne8 15.
Nd5 Qd8 16. exd6 Bxd4+ 17. Qxd4 Nxd6 18. Bg4 Nf5 19. Qf2 h5 20. Bxf5 Bxf5 21.
Rad1 Qf8 22. Qh4 f6 23. Rfe1 Re8 24. Nc7 Rad8 25. Nxe8 Rxd1 26. Rxd1 Qxe8 27.
Qf2 a6 28. Qb6 Qc6 29. Qxc6 bxc6 30. Rd8+ Kf7 31. Ra8 Be4 32. Rxa6 h4 33. Rb6
Ke6 34. a4 Kf5 35. c5 Kxf4 36. a5 Kg3 37. Rb4 f5 38. a6 Bxg2 39. a7 f4 40. Rxf4
Kxf4 41. Kxg2 1-0

[Event "Fagernes GM Open 2014"]
[Site "Fagernes NOR"]
[Date "2014.04.13"]
[Round "1.13"]
[White "Hagesather, Ellen"]
[Black "Svane, Rasmus"]
[Result "0-1"]
[WhiteTitle "WIM"]
[BlackTitle "IM"]
[WhiteElo "2204"]
[BlackElo "2487"]
[WhiteFideId "1501909"]
[BlackFideId "4657101"]
[EventDate "2014.04.13"]

1. e4 c5 2. Nf3 d6 3. d3 Nf6 4. g3 e5 5. Bg2 h6 6. O-O Be7 7. c3 O-O 8. a3 Be6
9. b4 c4 10. d4 Qc7 11. Qe2 a5 12. Bb2 Nbd7 13. d5 Bg4 14. h3 Bxf3 15. Qxf3 b5
16. Nd2 Nb6 17. Rfb1 Ra6 18. Nf1 Rfa8 19. Ne3 axb4 20. axb4 Rxa1 21. Rxa1 Rxa1+
22. Bxa1 Qa7 23. Bb2 Qa2 24. Nd1 Na4 25. Qe2 Qb1 26. Kh2 Nd7 27. h4 Nf6 28. f3
Nd7 29. Qd2 Nxb2 30. Nxb2 Nb6 31. Nd1 h5 32. Bf1 g6 33. Be2 Na4 34. Kg2 Kh7 35.
Qe3 Qc2 36. Kf1 Kg7 37. Qa7 Bf6 38. Qa6 Nxc3 39. Nxc3 Qxc3 40. Qxb5 Qc1+ 41. Kf2
c3 42. Bd3 Qd2+ 43. Kg1 Bd8 44. Qa6 Qe3+ 0-1

[Event "Fagernes GM Open 2014"]
[Site "Fagernes NOR"]
[Date "2014.04.13"]
[Round "1.14"]
[White "Elsness, Frode"]
[Black "Mihajlov, Sebastian"]
[Result "1/2-1/2"]
[WhiteTitle "IM"]
[BlackTitle "CM"]
[WhiteElo "2483"]
[BlackElo "2197"]
[WhiteFideId "1501100"]
[BlackFideId "1512110"]
[EventDate "2014.04.13"]

1. d4 d5 2. c4 c6 3. Nf3 Nf6 4. Nc3 dxc4 5. a4 Bf5 6. Ne5 Nbd7 7. Nxc4 Qc7 8. g3
e5 9. dxe5 Nxe5 10. Bf4 Nfd7 11. Bg2 g5 12. Nxe5 gxf4 13. Nxd7 O-O-O 14. Qd4
Qxd7 15. Qxf4 Bd6 16. Qc1 Kb8 17. O-O h5 18. h4 Rhg8 19. a5 a6 20. Ra4 Qc7 21.
Rd1 Be5 22. Rxd8+ Qxd8 23. e3 Ka8 24. Kh2 Qf6 25. f4 Qg7 26. Qe1 Bf6 27. Bf3 Bg4
28. Bh1 Be6 29. Ra1 Qg4 30. Bg2 Bxh4 31. Ne4 Bf5 32. Ng5 Bxg5 33. fxg5 Rxg5 34.
Qf2 h4 35. gxh4 Rh5 36. Rf1 Rxh4+ 37. Kg1 Be4 38. Qd2 Qg5 39. Rf4 Rxf4 40. exf4
Qxg2+ 41. Qxg2 Bxg2 42. Kxg2 Kb8 43. Kf3 Kc7 44. Ke4 Kd6 45. Kf5 Ke7 46. b3 Kd7 1/2-1/2

[Event "Fagernes GM Open 2014"]
[Site "Fagernes NOR"]
[Date "2014.04.13"]
[Round "1.15"]
[White "Bjerke, Richard"]
[Black "Donchenko, Alexander"]
[Result "0-1"]
[WhiteTitle "FM"]
[BlackTitle "IM"]
[WhiteElo "2194"]
[BlackElo "2471"]
[WhiteFideId "1500252"]
[BlackFideId "24603295"]
[EventDate "2014.04.13"]

1. e4 c5 2. Nf3 d6 3. Bb5+ Bd7 4. Bxd7+ Nxd7 5. O-O Ngf6 6. Re1 e6 7. c3 Be7 8.
d4 O-O 9. e5 Nd5 10. Qe2 cxd4 11. cxd4 Rc8 12. a3 dxe5 13. dxe5 Nc5 14. Qd1 a5
15. Nd4 Qb6 16. Nc3 Rfd8 17. Ncb5 a4 18. Qf3 Nc7 19. Qe2 Nxb5 20. Qxb5 Qxb5 21.
Nxb5 Nd3 22. Rd1 Nxe5 23. Be3 Nc4 24. Bd4 Rd5 25. Nc3 Rd7 26. Be3 Rxd1+ 27. Rxd1
Nxb2 28. Rd7 Bxa3 29. Rxb7 Rxc3 30. Rb8+ Bf8 31. Rxb2 Rb3 0-1

[Event "Fagernes GM Open 2014"]
[Site "Fagernes NOR"]
[Date "2014.04.13"]
[Round "1.16"]
[White "Hansen, Torbjorn Ringdal"]
[Black "Lillevold, Frode"]
[Result "1/2-1/2"]
[WhiteTitle "IM"]
[WhiteElo "2469"]
[BlackElo "2182"]
[WhiteFideId "1501720"]
[BlackFideId "1502913"]
[EventDate "2014.04.13"]

1. e4 e5 2. Nf3 Nc6 3. Bb5 Nf6 4. Nc3 Nd4 5. Nxe5 Qe7 6. f4 Nxb5 7. Nxb5 d6 8.
Nf3 c6 9. Nc3 Nxe4 10. O-O Nxc3 11. dxc3 Qc7 12. Re1+ Be7 13. Qe2 Bg4 14. f5
Bxf3 15. gxf3 Rd8 16. Kh1 Kf8 17. Bf4 Bh4 18. Rad1 Bxe1 19. Qxe1 Qe7 20. Qg3 f6
21. Bxd6 Rxd6 22. Rxd6 Kf7 23. Re6 Qd7 24. Qe1 Rd8 25. c4 Qd1 26. Re7+ Kf8 27.
Re8+ Kf7 28. Re7+ 1/2-1/2

[Event "Fagernes GM Open 2014"]
[Site "Fagernes NOR"]
[Date "2014.04.13"]
[Round "1.17"]
[White "Hagesather, Arne"]
[Black "Lie, Espen"]
[Result "0-1"]
[BlackTitle "IM"]
[WhiteElo "2143"]
[BlackElo "2460"]
[WhiteFideId "1502476"]
[BlackFideId "1502611"]
[EventDate "2014.04.13"]

1. e4 Nf6 2. Nc3 d5 3. exd5 Nxd5 4. Nf3 g6 5. Bc4 c6 6. Qe2 Bg7 7. Bxd5 cxd5 8.
Qb5+ Nc6 9. Qxd5 Qc7 10. h3 O-O 11. a3 Be6 12. Qb5 Nd4 13. Nxd4 Bxd4 14. Qe2
Rfd8 15. Rb1 Rac8 16. O-O Bxh3 17. Qf3 Be6 18. d3 b6 19. Bd2 Qd7 20. Rfc1 Rc5
21. Be3 Rf5 22. Qe4 Bxc3 23. bxc3 Bd5 24. Qg4 Rxf2 0-1

[Event "Fagernes GM Open 2014"]
[Site "Fagernes NOR"]
[Date "2014.04.13"]
[Round "1.18"]
[White "Djurhuus, Rune"]
[Black "Haug, Johannes"]
[Result "0-1"]
[WhiteTitle "GM"]
[WhiteElo "2447"]
[BlackElo "2096"]
[WhiteFideId "1500082"]
[BlackFideId "1509268"]
[EventDate "2014.04.13"]

1. d4 Nf6 2. c4 e6 3. Nf3 Bb4+ 4. Nc3 O-O 5. e3 c5 6. Bd3 Nc6 7. O-O Bxc3 8.
bxc3 d6 9. Rb1 b6 10. e4 e5 11. d5 Na5 12. Bg5 h6 13. Bh4 Ba6 14. Nd2 g5 15. Bg3
Qd7 16. Re1 Kg7 17. h4 Qg4 18. Be2 Qd7 19. Bd3 Qg4 20. Qc2 Qd7 21. Be2 Ng8 22.
a4 Ne7 23. h5 f6 24. Ra1 Rab8 25. Qa2 Qc7 26. Nf1 Bc8 27. Ne3 Bd7 28. Rf1 Qc8
29. Bh2 f5 30. exf5 Nxf5 31. Bd3 Qe8 32. Qe2 Nxe3 33. fxe3 Qe7 34. Bc2 Rxf1+ 35.
Rxf1 Rf8 36. Qd3 Rxf1+ 37. Kxf1 Qf7+ 38. Kg1 Kf8 39. Qe4 Ke7 40. Bxe5 dxe5 41.
Qxe5+ Kd8 42. Qb8+ Ke7 43. Qe5+ Kd8 44. Bg6 Qe7 45. Qh8+ Be8 46. e4 Nxc4 47.
Qxh6 Qf6 48. Qh7 Ne3 49. Bf5 Nxf5 50. exf5 Bf7 51. c4 Ke7 52. h6 Kd6 53. Kh2 a6
54. Kg3 b5 55. cxb5 axb5 56. axb5 c4 57. Kf2 Kxd5 58. Ke3 Kc5 0-1

[Event "Fagernes GM Open 2014"]
[Site "Fagernes NOR"]
[Date "2014.04.13"]
[Round "1.19"]
[White "Merkesvik, Sondre"]
[Black "Galinsky, Timofey"]
[Result "0-1"]
[BlackTitle "IM"]
[WhiteElo "2042"]
[BlackElo "2427"]
[WhiteFideId "1514350"]
[BlackFideId "14104164"]
[EventDate "2014.04.13"]

1. Nf3 d5 2. g3 c6 3. Bg2 Nf6 4. d4 Bf5 5. O-O h6 6. b3 e6 7. c4 Be7 8. Bb2 O-O
9. Nc3 Nbd7 10. Nd2 Qb6 11. e4 dxe4 12. Ndxe4 Rad8 13. Qe2 Qa6 14. Rfe1 Rfe8 15.
Qe3 Ba3 16. Qc1 Bf8 17. Qf4 Nxe4 18. Nxe4 Bxe4 19. Qxe4 Be7 20. Qc2 Bf6 21. Rad1
Nf8 22. Bc3 Rd7 23. Rd2 Red8 24. Red1 Qb6 25. Qb2 Bg5 26. Rd3 Bf6 27. R3d2 Qc7
28. Qc2 Ng6 29. Be4 Ne7 30. Kg2 Nc8 31. Bf3 Nd6 32. Qb2 b5 33. Qa3 Rc8 34. Ba5
Qb8 35. Qc1 Bg5 36. c5 Nf5 37. Bc3 b4 38. Bb2 a5 39. h4 Bxh4 40. Rd3 Bf6 41. Qc4
Qc7 42. Be4 Rcd8 43. R3d2 g6 44. Rd3 Bg7 45. Qa6 Ne7 46. Qc4 Nd5 47. a3 Rb8 48.
Rh1 Qd8 49. Bc1 g5 50. a4 Rc8 51. Bb2 f5 52. Bf3 g4 53. Bd1 Rf7 54. Bc2 f4 55.
Rdd1 fxg3 56. Kxg3 Rf3+ 57. Kg2 Qf6 58. Rdf1 Rf8 0-1

[Event "Fagernes GM Open 2014"]
[Site "Fagernes NOR"]
[Date "2014.04.13"]
[Round "1.20"]
[White "Houska, Jovanka"]
[Black "Djurhuus, Eivind X"]
[Result "1-0"]
[WhiteTitle "IM"]
[WhiteElo "2410"]
[BlackElo "1977"]
[WhiteFideId "405094"]
[BlackFideId "1515721"]
[EventDate "2014.04.13"]

1. d4 Nf6 2. Nf3 e6 3. c4 d5 4. Nc3 Bb4 5. Bg5 h6 6. Bxf6 Qxf6 7. Qa4+ Nc6 8. e3
O-O 9. Be2 dxc4 10. O-O Bxc3 11. bxc3 e5 12. Qxc4 exd4 13. cxd4 Rd8 14. Rfd1 Be6
15. Qc2 Bf5 16. Qb2 b6 17. Rac1 Rd6 18. Nd2 Re8 19. Bf3 Qg6 20. Nc4 Rf6 21. Bxc6
Rxc6 22. Ne5 Rxc1 23. Rxc1 Qd6 24. Rc6 Qd5 25. Qc1 f6 26. Nf3 Be4 27. Rxc7 Bxf3
28. gxf3 Qxf3 29. Qc2 f5 30. Qb3+ Kh7 31. h3 Qxh3 32. Qf7 Qg4+ 33. Kf1 Re4 34.
Ke1 f4 35. Kd2 fxe3+ 36. fxe3 a5 37. Rb7 Re6 38. Rb8 Qg2+ 39. Kd3 Rxe3+ 40. Kxe3
Qg3+ 41. Ke4 Qxb8 42. d5 b5 43. Qe7 Qh2 44. d6 b4 45. Kd4 Qf2+ 46. Kd3 Qf1+ 47.
Qe2 Qf7 48. Kd4 Kg8 49. Kc5 Qd7 50. Qb5 Qd8 51. Qb6 Qc8+ 52. Qc7 Qf5+ 53. Kb6
Qe6 54. Ka7 Qe3+ 55. Kb8 1-0